| 000 | 00967cam a2200241 4500 | ||
|---|---|---|---|
| 001 | WB3648-20 | ||
| 008 | 000000n2000 000 0 eng u | ||
| 035 | _a(Sirsi) u109755 | ||
| 245 | _aFprop gains listing | ||
| 260 | _c2000 | ||
| 490 |
_aProperty Week _v65(47) 1 December 2000, 11(1) |
||
| 520 | _aFirst Property Online, the first company in the UK to allow commercial property to be bought and sold over the internet, joined the stock market this week. It completed a £10.5m reverse takeover of AIM-listed shell Hansom with backing from six landlords and agents. Discusses Fprop's online trading activities to date, and features of the online bidding process. | ||
| 590 | _aWB | ||
| 650 | _aE-COMMERCE | ||
| 650 | _aONLINE AUCTIONS | ||
| 650 | _aFIRST PROPERTY ONLINE | ||
| 650 | _aFPROP | ||
| 650 | _aPROPERTY-COMMERCIAL PROPERTY | ||
| 650 | _aINTERNET | ||
| 650 | _aPROPERTY SALES | ||
| 690 | _aINFORMATION TECHNOLOGY-INTERNET | ||
| 942 | _n0 | ||
| 999 |
_c65508 _d65508 |
||